=LDR 00000nam 2200000 4500 =001 INLIS000000000046998 =005 20150624144427.0 =006 =007 =008 =035 ##$$0010-061500000000087 =082 ##$$a 028.55 =090 ##$$a 028.55 may k.4 =100 ##$$a sekar maya =245 ##$$a i love cooking =260 ##$$a miza meda utama mmu =300 ##$$a hln,132 =850 ##$$a NPBMAT =990 ##$$a 2090100720/BPAP-NTB/2015